[Event "Olympiad-36"]
[Site "Mallorca"]
[Date "2004.10.19"]
[Round "5"]
[White "Bologan, Viktor"]
[Black "Nyback, Tomi"]
[Result "1/2-1/2"]
[WhiteElo "2669"]
[BlackElo "2554"]
[Annotator "Erenburg,S"]
[PlyCount "93"]
[EventDate "2004.10.15"]
[EventType "team-swiss"]
[EventRounds "14"]
[EventCountry "ESP"]
[SourceTitle "CBM 104"]
[Source "ChessBase"]
[SourceDate "2005.01.27"]
[SourceVersion "1"]
[SourceVersionDate "2005.01.27"]
[SourceQuality "1"]
[WhiteTeam "Moldova"]
[BlackTeam "Finland"]
[WhiteTeamCountry "MDA"]
[BlackTeamCountry "FIN"]

1. e4 d6 2. d4 Nf6 3. Nc3 g6 4. f4 Bg7 5. Nf3 c5 6. dxc5 {Another popular way
to fight for an advantage is} (6. Bb5+ {0-1 Luther,T-Beliavsky,A/Germany 2002/
CBM 93/[Erenburg] (31)}) 6... Qa5 $1 {[%cal Yg7c3,Gf6e4,Ya5c5,Ga5e1] In this
way, black gets the c5 pawn back.} 7. Bd3 Qxc5 8. Qe2 {preparing to drive away
the black queen from diagonal a7-g1 with Be3.} Bg4 9. Be3 Qa5 10. O-O {Another
possible continuation is} (10. h3 Bxf3 11. Qxf3 Nc6 12. O-O O-O 13. a3 Nd7 14.
Bd2 {1/2-1/2 Pap,M-Delchev,A/Subotica 2003/CBM 95/[Erenburg] (18)}) 10... O-O
11. Kh1 {White's king is located safer on h1, than on g1. White tried also} (
11. Qf2 Bxf3 12. Qxf3 Nc6 13. Ne2 $2 Nd7 14. c3 $4 Nde5 $19 {0-1 Ljubojevic,
L-Timman,J/Tilburg 1978/MCL/[Ftacnik] (26)}) (11. Rad1 Nc6 12. Bc4 Nh5 13. Bb3
Bxc3 14. bxc3 Qxc3 15. f5 Nf6 16. h3 Bxf3 17. Qxf3 Na5 18. Rd3 Qc7 19. Bh6 $13
{1/2-1/2 Spassky,B-Fischer,R/Reykjavik 1972/MainBase (45)}) 11... Nc6 12. Qe1
Bxf3 $1 {In this pawn-structure, black usually is satisfied with the trade of
his light-squared bishop.} (12... Rac8 13. a3 Rfd8 14. h3 Bxf3 15. Rxf3 e6 16.
Qg1 $5 Ne8 17. Nd1 $6 d5 18. e5 $6 f5 19. exf6 Nxf6 20. Rf1 $2 (20. b4 Qc7 21.
b5 e5 $1 $13) 20... Qc7 $17 {0-1 Glek,I-Ribli,Z/Germany 1997/GER-chT/[Glek] 
(41)}) 13. Rxf3 e6 {Black covers the d5 square, thus, he liberates the
kingside knight for manoeuvres. Black tried also:} (13... Nd7 14. Rh3 Rfe8 15.
Qh4 Nf8 16. Rf1 Rac8 17. f5 Ne5 18. fxg6 Nexg6 19. Qf2 Ne5 20. Bxa7 $18 {
1-0 Korneev,O-Le Bideau,A/Torcy 1991/TD (42)}) (13... Rac8 14. Rh3 Rfe8 15. a3
a6 16. Qh4 h5 17. f5 Ne5 18. Rf1 Rf8 19. Rg3 $16 {1-0 Gretarsson,H-Agrest,E/
Stockholm 1999/CBM 68 ext (40)}) 14. Rh3 $146 {This move is new. In such
positions white's main plan is the development of initative on the kingside,
while black is willing to create counterplay on the queenside. In the
preceding games white continued:} (14. a3 Ng4 15. Bd2 Nd4 16. Rf1 f5 17. h3 Nh6
18. Nb5 Qb6 19. Nxd4 Bxd4 20. exf5 exf5 21. Bc4+ Kh8 22. Bc3 $16 {1-0 Stein,
B-Liabotro,P/Oslo 1985/MCD (29)}) ({The trade of the queens doesn't promise
anything special for white:} 14. Nb5 Qxe1+ 15. Rxe1 Rfd8 16. Bf2 a6 17. Na3 b5
18. c4 b4 19. Nc2 Nd7 20. b3 a5 21. Bf1 a4 $15 {0-1 Comp Chessmaster
4000-Gulko,B/Boston 1994/EXT 99 (106)}) 14... Rac8 {locating the queenside
rook on the semi-open file, that can create some pressure.} 15. a3 {covering
the b4 square.} a6 {and black covers the b5 square. It should be noted, that
black can create some counterplay on the queenside with b7-b5.} 16. Qh4 h5 $1 {
[%cal Yf6g4] Typical reply for white's activity on the kingside. It is not so
easy for white to destroy black's defence on the kingside, as after white's
f4-f5, black's queenside knight will get a central square e5.} 17. Rf3 {
White forced black to weaken a bit his kingside, and now white's kingside rook
has nothing to do on h3.} Ng4 18. Bd2 Qd8 19. Qe1 {Of course, white keeps the
queens on the board.} Nf6 20. h3 {covering the g4 square, and, maybe,
preparing the breakthrough g2-g4.} Nd7 {activating the fianchetted
dark-squared bishop.} 21. Be3 Nd4 22. Rf1 Nc5 $11 {Black has succeeded to
equalize the game. He solved his main problem- the development of
light-squared bishop, and neutralized white's activity on the kingside.} 23.
Qf2 Nxd3 24. cxd3 Nb3 ({Comes to consideration:} 24... Qf6) 25. Rad1 d5 {
threatening with d5-d4.} ({Of course, it is extremely dangerous to take on c3:
} 25... Bxc3 26. bxc3 Rxc3 27. Qb2 Qc8 28. Bf2 $16) 26. exd5 exd5 27. d4 Qd7 ({
Black doesn't have enough time to prevent white's f4-f5:} 27... f5 28. Qf3 $14
{and black's central pawn collapses.}) 28. f5 $1 Rfe8 {liberating the f8
square for the bishop, in case of white's f5-f6.} 29. Rd3 $1 {intending to
transfer the rook to the kingside via the third rank.} (29. f6 Bf8) 29... Na5 {
Black gets back his knight into the game.} 30. Qf3 ({Worse is:} 30. b3 Nxb3 31.
f6 Bf8 32. Qa2 Na5 $15) 30... Nc4 31. Bc1 Rcd8 ({Deserved attention.} 31... Nb6
$5) 32. Bg5 $1 Nxb2 33. Bxd8 Nxd3 34. fxg6 fxg6 35. Qxd3 (35. Bh4 Qf5 36. Nxd5
Qxf3 37. Rxf3 Re4 $11) (35. Bh4 Qf5 $1 $11) (35. Bf6 Rf8 36. Qxd3 Qf7 $11)
35... Rxd8 36. Qxg6 {It looks like white has got quite an obvious advantage,
but black has enough resources to maintain the balance.} Rf8 $1 {preventing
white's Rf5.} 37. Rxf8+ Kxf8 38. Qxh5 Bxd4 39. Nxd5 {White is a pawn up, but
black pieces are active as the white's ones. The small amount of the pawns on
the board promise black excellent chances for the draw.} Qf7 $1 40. Qh6+ Ke8
41. Nf4 $6 ({Probably, white had more chances after} 41. Ne3 $1 $14) 41... Be3
$1 {pinning the knight, thus, forcing white to weaken the position of his
monarch.} 42. g3 Qf5 (42... Bxf4 {promise black draw as well:} 43. gxf4 (43.
Qxf4 Qxf4 44. gxf4 b5 45. Kg2 a5 46. Kf3 b4 47. axb4 a4 $19) 43... Qd5+ $11)
43. Qh8+ (43. h4 {doesn't change anything:} Kf7 $1 $11 44. Qd6 Bxf4 45. Qxf4
Qxf4 46. gxf4 b5 47. Kg2 a5 48. Kf3 b4 49. axb4 a4 50. b5 a3 51. b6 a2 52. b7
a1=Q 53. b8=Q Qh1+ $11) 43... Kf7 44. Qb2 (44. Qc3 Bxf4 45. gxf4 Qxf4 $11)
44... Bxf4 45. Qxb7+ Ke8 46. Qc6+ Kd8 47. gxf4 {This endgame is absolutely
drawish, therefore, the opponents agreed for a draw.} 1/2-1/2

[Event "Corus-C"]
[Site "Wijk aan Zee"]
[Date "2004.01.17"]
[Round "6"]
[White "Smeets, Jan"]
[Black "Gagunashvili, Merab"]
[Result "1/2-1/2"]
[WhiteElo "2505"]
[BlackElo "2583"]
[Annotator "Erenburg,S"]
[PlyCount "96"]
[EventDate "2004.01.10"]
[EventType "tourn"]
[EventRounds "13"]
[EventCountry "NED"]
[EventCategory "9"]
[SourceTitle "CBM 099"]
[Source "ChessBase"]
[SourceDate "2004.03.30"]
[SourceVersion "1"]
[SourceVersionDate "2004.03.30"]
[SourceQuality "1"]

1. e4 d6 2. d4 Nf6 3. Nc3 g6 4. f4 Bg7 5. Nf3 c5 6. Bb5+ Bd7 7. e5 Ng4 8. e6 {
Rare continuation in comparison to} (8. Bxd7+ {1/2-1/2 Acs,P-Nyback,T/Plovdiv
2003/CBM 98/[Erenburg] (43)}) 8... fxe6 {Black tried another capture, but he
has got worse position in the following game:} (8... Bxb5 {0-1 Borriss,
M-Gurevich,M/Germany 2003/CBM 93/[Erenburg] (40)}) 9. Ng5 Bxb5 10. Nxb5 {
White has the following possibilities:} (10. Nxe6 Bxd4 11. Nxd8 Bf2+ 12. Kd2
Be3+ 13. Ke1 Bf2+ {1/2-1/2 Yevseev,D-Popov,V/Nefteyugansk 2002/CBM 92 (13)}) (
10. Qxg4 {See 1/2-1/2 Nunn,J-Seirawan,Y/Skelleftea 1989/CBM 14/[Bulletin] (42)}
) 10... Qa5+ 11. c3 Qxb5 12. Qxg4 ({Alternative} 12. Nxe6 {was tried in  Anand,
V-Gurevich,M/Linares 1991 0-1/CBM 22/[Anand] (30)}) 12... cxd4 13. Nxe6 {
threatening Nc7 and attacking the dark-squared bishop.} Qc4 $1 {taking control
over e6 square, thus, not allowing white to get out from g7 with the knight.}
14. Nxg7+ {Another option is} (14. f5 Bf6 15. fxg6 Rg8 16. g7 Nc6 17. Nc7+ Kd8
18. Ne6+ Ke8 19. Nc7+ Kd8 20. Ne6+ {1/2-1/2 Shirov,A-Khalifman,A/Groningen
1990/CBM 21/[King] (20)}) 14... Kf7 15. Nf5 {In the previous game white
continued with interesting} (15. f5 Kxg7 16. Qh4 Nc6 17. Rf1 Kg8 $6 ({Stronger
is} 17... Rhg8 18. f6+ Kh8 19. fxe7 (19. Bg5 Rgf8 $1) 19... Rge8 20. Bg5) 18.
Bh6 Re8 19. Rd1 Ne5 20. Rxd4 Qxa2 21. Kf2 Nf7 22. Kg1 Nxh6 23. Qxh6 Rf8 24.
Rdf4 $16 {1/2-1/2 Gruenfeld,Y-Tal,M/Tel Aviv 1990/CBM 20 ext (61)}) 15... Qe6+
16. Ne3 dxe3 17. Qxe6+ {In my opinion, after this move white cannot get an
advantage. More principle is} (17. Qf3 Nc6 18. O-O Rhf8 19. Bxe3 Kg8 20. b3 a5
21. Rae1 $14 {1/2-1/2 Dolmatov,S-Chernin,A/Moscow 1990/TD (34)}) 17... Kxe6 18.
Bxe3 Nc6 19. Ke2 $146 {Novelty, only now! In the previous game white played} (
19. O-O Rhf8 20. b3 b5 21. Rfe1 Kd7 22. Rad1 a5 $11 {0-1 Jasik,K-Mista,A/Rowy
1998/EXT 2000 (47)}) 19... b5 20. Rad1 a5 $11 {In this endgame the chances of
the sides are approximately equal. White has a bishop against black's knight,
but the position is quite closed, so it doesn't promise white an advantage.
The pawn structures of the opponents are without deffects, but now black tries
to realize the plan of advancing the pawn minority on the queenside. On the
other hand, white plan could be creating a weakness on the black's kingside
through advancing the "h" pawn.} 21. Kf3 ({Deserves attention:} 21. Rhe1 Rhf8
22. g4) 21... Rhf8 22. Ke4 a4 23. g4 b4 $5 {Black is going to open the 4-th
rank in order to attack white's pawns through it.} 24. c4 b3 25. axb3 (25. a3 {
is interesting alternative:} Na5 26. Kd3 Rac8 27. Rc1 d5 28. c5 Nc4 29. Rxc4
dxc4+ 30. Kxc4 $11) 25... Rfb8 26. Rd3 axb3 {Black succeeded to activate all
his pieces and now he is ready to attack white's pawns with following Ra4 and
Na5.} 27. Kf3 {giving black the resource of g6-g5.} ({Better was} 27. Re1 Ra4
28. Rc3 Kd7 $11) 27... g5 $1 28. c5 $1 {Good decision. White activates his
pieces, which were located passive.} ({Worse is} 28. f5+ Kf7 29. Ke2 Ne5 30.
Rd4 Ra2 31. Bc1 Rb4 $15) 28... dxc5 29. Bxc5 gxf4 30. Re1+ Kf7 31. Rd7 ({
White had a draw after} 31. Kxf4 Rb5 32. Rd5 (32. Rc3 e5+ 33. Kg3 Ra2 34. Ba3)
32... e6 33. Rd7+ (33. Rh5 Raa5 $17) 33... Ke8 34. Rd5 Kf7 $11 (34... e5+ 35.
Ke3 Raa5 36. Rc1 $14)) 31... Rb5 $1 {Now white loses an exchange, but his
bishop and rook are active, so his position isn't bad.} 32. Bxe7 Ne5+ 33. Rxe5
Rxe5 34. Bb4+ Ke8 ({Black doesn't achieve anything after} 34... Kg8 35. Bc3
Re3+ 36. Kxf4 Rh3 37. Rg7+ $1 Kf8 38. Rb7 $11) 35. Rxh7 Ra4 36. Bd2 (36. Rb7
Re3+ 37. Kxf4 Re2 38. Kg5 Rxh2 39. Bc3 $11) 36... Rb5 $6 ({Black had more
chances after} 36... Rd4 37. Bxf4 Rd3+ 38. Kf2 Re4 $15) 37. Rc7 (37. Bxf4 Ra2 (
37... Rbb4 $11) 38. g5 Rxb2 39. g6 Rb1 40. Rh8+ Ke7 41. g7 Rg1 42. Bg3 Rg5 43.
Bh4 Kf7 $11) 37... Rd5 38. Bxf4 Rdd4 39. Be5 Rxg4 40. Rb7 Rab4 41. Rxb4 Rxb4
42. Ke3 {Now white is going to eliminate the only black pawn and to promise
himself a draw.} Kd7 (42... Rc4 43. Kd3 Rc6 44. h4 Kf7 45. h5 Kg8 46. h6 {
[%cal Ge5g7]} Rxh6 47. Kc4 $11) 43. Kd3 Ke6 44. Kc3 Rb5 45. Bg7 Kd5 46. Bf8 Rb8
47. Bb4 Rh8 48. Kxb3 Rxh2 1/2-1/2

[Event "Moscow Aeroflot op-A"]
[Site "Moscow"]
[Date "2004.02.24"]
[Round "8"]
[White "Kotronias, Vasilios"]
[Black "Smirin, Ilia"]
[Result "0-1"]
[WhiteElo "2598"]
[BlackElo "2670"]
[Annotator "Erenburg,S"]
[PlyCount "124"]
[EventDate "2004.02.17"]
[EventType "swiss"]
[EventRounds "9"]
[EventCountry "RUS"]
[SourceTitle "CBM 100"]
[Source "ChessBase"]
[SourceDate "2004.06.01"]
[SourceVersion "1"]
[SourceVersionDate "2004.06.01"]
[SourceQuality "1"]

1. e4 g6 2. d4 Bg7 3. Nc3 d6 4. f4 Nf6 5. Nf3 O-O ({Another theoretical
possibility is} 5... c5 {0-1 Luther,T-Beliavsky,A/Germany 2002/CBM 93/
[Erenburg] (31)}) 6. Be3 ({More popular is} 6. Bd3 {1-0 Mastrovasilis,D-Marin,
M/Istanbul 2003/CBM 96/[Erenburg] (44)}) 6... b6 7. Qd2 {preparing the
aggressive option of castling long.} ({Another possible continuation is} 7. Bd3
{0-1 Pavasovic,D-Conquest,S/Batumi 1999/CBM 74/[Oratovsky,M] (54)}) 7... Bb7 ({
Black tried also} 7... c5 {1/2-1/2 Tyomkin,D-Maryasin,B/Israel 2002/CBM 88/
[Tyomkin,D] (35)}) 8. e5 $5 Ng4 ({Worse is} 8... Ne4 $6 {, as white succeeds
to get an initiative after} 9. Nxe4 Bxe4 10. Ng5 Bb7 11. O-O-O $36) 9. e6 $5
$146 {[%mdl 12] Novelty, according to my database. In the preceding game white
continued} (9. O-O-O $5 c5 $5 10. dxc5 bxc5 11. Bxc5 Qa5 12. Ba3 dxe5 13. h3
Bh6 14. Ng5 exf4 15. Nxf7 Rxf7 16. hxg4 Bg5 17. Ne4 $1 Qxd2+ 18. Nxd2 $16 {
[%cal Gf1c4] 1/2-1/2 Illescas Cordoba,M-Marin,M/Mondariz 2002/CBM 91 ext (31)})
9... Bxf3 {worsening white's pawn structure, and, at the same time,
eliminating the dangerous knight.} (9... fxe6 {was possible as well:} 10. Ng5 (
10. Bc4 d5 (10... Rf6 11. Ng5 (11. f5 d5 $17) (11. Bg1 $5) 11... d5 (11... Qd7
12. d5 $1 $13) 12. Be2 Nxe3 13. Qxe3 Qd6 14. Bg4 Bc8 15. g3 $14) 11. Be2 Nxe3
12. Qxe3 c5 $132) 10... Qd7 (10... Rf6 11. Bc4 {-see 10.Bc4 variation.}) 11.
Bc4 Rf6 12. d5 $13) 10. gxf3 Nxe3 11. Qxe3 f5 $5 {Black's pawn structure is
superior, but white has chances for a successful attack through the "h" file.}
({Black could play} 11... fxe6 $5 {, opening the "f" file for the rook.} 12.
Bh3 c5 13. Bxe6+ Kh8 14. dxc5 Nc6 15. f5 gxf5 16. Bd5 Rc8 17. O-O-O bxc5 18.
Rhg1 $13) 12. d5 {[%mdl 4] freezing black's queenside. White tries to prevent
from black to get his forces into the game, thus, his opponent will not have
enough pieces to defend his monarch.} c6 {The only way to get the knight into
the game.} 13. h4 {[%mdl 4] Black's position is excellent from the positional
point of view, as he has the superior pawn structure, as well as a very
effective dark-squared bishop. Therefore, white decides to attack immediately,
because black needs only 2 tempos to get into the games all his pieces.} Bxc3+
{Black had to change his dark-squared bishop in order to get into the game his
queenside pieces.} (13... Qc8 14. O-O-O Bxc3 15. Qxc3 cxd5 {-see the game.})
14. Qxc3 cxd5 15. O-O-O Qc8 16. Qd2 $1 {[%cal Gd2h2,Yh1h8,Gh4h5] sacrificing
another pawn. Of course, white avoids the trade of queens, as he needs it to
attack black's monarch.} (16. Qe3 Rf6 17. Re1 Qc5 $15) 16... Qxe6 17. h5 Nd7 {
Black doesn't have enough pieces around his king, therefore he brings some
"support divisions" from the queenside.} 18. Re1 Qf7 19. hxg6 hxg6 20. Qh2 {
Now white gets black's queen for two rooks on the spot.} Qg7 21. Rxe7 (21. Qd2
Qf7 (21... Nf6 22. Bd3 {[%cal Gd3f5]}) 22. Qh2 $11) (21. Bd3 Nc5 $15) 21...
Qxe7 22. Qh8+ Kf7 23. Rh7+ Ke8 24. Rxe7+ Kxe7 25. Qg7+ Rf7 26. Qxg6 {[%mdl
1024]} Nc5 {White has a queen against two rooks. In spite of the fact, that
the black king is in the centre, his position isn't vulnerable at all. If
white doesn't succeed to win some material in the near future, black will
consolidate his rooks, and black's chances will be obviously preferable.} 27.
Bb5 {threatening with Bc6.} ({White had draw after} 27. Qg5+ Rf6 28. Qg7+ Rf7 (
28... Ke6 29. Bb5) 29. Qg5+ $11) 27... Rc8 28. Qg5+ Rf6 29. Qg7+ Rf7 30. Qd4 $6
{White tries to win the position, which isn't better...} ({Probably, white
should go for a draw:} 30. Qg5+ $11) 30... Ne6 $1 31. Qf2 ({White doesn't
equalize after} 31. Qxd5 Rc5 32. Qb3 (32. Qb7+ Kf6 33. Qa6 Nc7 $19) 32... Rg7
$1 33. Bc4 Rg2 $17 34. Bxe6 $2 Rcxc2+ 35. Kd1 Rxb2 $19) 31... Rh7 $1 $17 32. b4
Kf6 33. Kb2 Rch8 {Black's forces are absolutely consolidated, so he is ready
to develop the initiative.} 34. Qd2 d4 35. Bc4 Rh2 36. Qd3 Rc8 $1 37. Bb3 Rc7
$6 (37... Rc3 $5) 38. Qb5 $2 {Probably, this is the decisive mistake.} ({
Much better was} 38. Qf1 $1 {[%cal Gf1g1] and it isn't so clear how can black
win the game. For example:} d5 (38... Nxf4 39. Qg1 $1 Rd2 40. Qg3 $1 Ke5 (40...
Nd3+ $2 41. Ka3 Ne5 42. Qh4+ $16) 41. Qg8 d5 42. Qh8+ Ke6 43. Qh6+ Ke5 44. Qh8+
$11) 39. Qe1 Nxf4 40. Qg3 Nd3+ 41. Ka3 $11) 38... Nxf4 39. Qe8 Rhh7 {Black's
pieces are coordinated. Now he needs to secure his king from checks and to
start an attack on white's king.} 40. a4 Rce7 41. Qb8 Ke5 42. Bc4 Ng2 {
preparing the occupation of the e3 square by the knight.} 43. Qg8 {In this way,
white frustrates black's plans, but not for a long time.} Nf4 ({A mistake was
to play} 43... Ne3 $2 44. Qg3+ f4 45. Qg5+ Nf5 46. Bd3 Ref7 47. Qd8 $11) 44.
Qb8 Rhg7 $1 {covering the "g" file.} 45. Ka3 Ng2 $1 {[%cal Yg2e3,Ge5f4,Gf4e3]
And now it is the right moment for this move. In many variations black has an
option of transfering the king to e3 via f4.} 46. Qh8 Kf4 47. Bd5 Ke3 48. Qf8
f4 49. Qf5 Ne1 $1 {covering d3 square.} 50. Kb3 Rg2 {Now black is ready to act!
} 51. Qf8 Rc7 52. Bc6 Rxc2 ({Not only} 52... Rxc6 $4 53. Qe8+) 53. b5 Rc3+ 54.
Ka2 {[%tqu "En","Please find the best move for black.","","","c7h7","",10]} Rh7
$1 $40 {The addition of the second rook is decisive.} 55. Qe8+ Kf2 56. Qe4 Rh2
57. Kb1 (57. Qxf4 Kg1+ $19) 57... Kf1 $1 {opening the second rank for the rook,
and, preparing Nd3.} 58. Qxf4 Rb3+ ({Simplier was} 58... Rb2+ 59. Ka1 Nd3 {
with mate.}) 59. Ka1 Ra3+ 60. Kb1 Rb2+ 61. Kxb2 Nd3+ 62. Kxa3 Nxf4 {Black's
advanced pawn "d" is unstoppable. It is one of the most interesting games I've
ever annotated.} 0-1